书目信息 |
| 题名: |
利用外资引进技术讲座
|
|
| 作者: | 张光永 主编 | |
| 分册: | ||
| 出版信息: | 哈尔滨 哈尔滨工业大学 1984 |
|
| 页数: | ||
| 开本: | ||
| 丛书名: | ||
| 单 册: | ||
| 中图分类: | F424.3 | |
| 科图分类: | ||
| 主题词: | 工业经济--中国 | |
| 电子资源: | ||
| ISBN: | ||
| 000 | 00534nam0 2200181 450 | |
| 001 | 0734717899 | |
| 005 | 20070804161905.10 | |
| 010 | @d不详 | |
| 100 | @a20070804d1984 km y0chiy0120 ea | |
| 101 | 0 | @achi |
| 102 | @aCN@b230000 | |
| 200 | 1 | @a利用外资引进技术讲座@Ali yong wai zi yin jin ji shu jiang zuo@f张光永主编@Fzhang guang yong zhu bian |
| 210 | @a哈尔滨@c哈尔滨工业大学@d1984 | |
| 606 | 0 | @a工业经济@x中国 |
| 690 | @aF424.3@v3 | |
| 701 | 0 | @a张光永@Azhang guang yong@4主编 |
| 801 | 0 | @aCN@bPFT@c20070804 |
| 905 | @a10447@dF424.3@e95 | |
| 利用外资引进技术讲座/张光永主编.-哈尔滨:哈尔滨工业大学,1984 |
| ISBN :不详 |
| ● |
| 相关链接 |
|
|
|
|
正题名:利用外资引进技术讲座
索取号:F424.3/95
 
预约/预借
| 序号 | 登录号 | 条形码 | 馆藏地/架位号 | 状态 | 备注 |
| 1 | 0791659 | 207916594 | 第一样本阅览室/ [索取号:F424.3/95] | 在馆 |